[Event "ISR-ch"]
[Site "ISR"]
[Date "1992.??.??"]
[Round "10"]
[White "Maryasin, Boris"]
[Black "Zifroni, Dov"]
[Result "0-1"]
[WhiteElo "2395"]
[BlackElo "2355"]

1.e4 e6 2.d4 d5 3.Nc3 Nf6 4.e5 Nfd7 5.Nf3 c5 6.dxc5 Nc6 7.Bf4 Nxc5 8.Bd3 Be7
9.h4 Qb6 10.Rb1 Bd7 11.a3 Nxd3+ 12.cxd3 Rc8 13.O-O O-O 14.d4 Qa6 15.h5 h6
16.Nh2 f5 17.exf6 Rxf6 18.Be3 Be8 19.Qg4 Rd8 20.Ne2 e5 21.Rfe1 Bd7 22.Qg3 Bd6
23.Ng4 Bxg4 24.Qxg4 exd4 25.Nxd4 Ne5 26.Qh4 Rdf8 27.Rf1 Nc4 28.Nc2 Nxe3 29.Nxe3 Bc5
30.Ng4 Rf4 31.Qg3 Qe6 32.Ne3 Rxf2 33.Rfe1 Qe4 34.Rbc1 Bxe3  0-1

[Event "Katowice op"]
[Site "Katowice"]
[Date "1992.??.??"]
[Round "4"]
[White "Michalek, Jan"]
[Black "Glek, Igor V"]
[Result "0-1"]
[WhiteElo "2335"]
[BlackElo "2515"]

1.e4 e6 2.d4 d5 3.Nc3 Nf6 4.e5 Nfd7 5.f4 c5 6.Nf3 Nc6 7.Be3 cxd4 8.Nxd4 Bc5
9.Qd2 O-O 10.O-O-O a6 11.h4 Nxd4 12.Bxd4 b5 13.h5 b4 14.Na4 Bxd4 15.Qxd4 a5
16.Kb1 Ba6 17.Bd3 Qc7 18.Rc1 Rfc8 19.Qe3 Qc6 20.f5 Bxd3 21.cxd3 Qxa4 22.f6 b3
23.axb3 Qg4 24.Rcd1 a4  0-1

[Event "Katowice op"]
[Site "Katowice"]
[Date "1992.??.??"]
[Round "7"]
[White "Stripunsky, Alexander"]
[Black "Nikolenko, Oleg"]
[Result "1/2-1/2"]
[WhiteElo "2395"]
[BlackElo "2465"]

1.e4 e6 2.d4 d5 3.Nc3 Nf6 4.e5 Nfd7 5.f4 c5 6.Nf3 Nc6 7.Be3 cxd4 8.Nxd4 Qb6
9.Ncb5 Bc5 10.a3 Nxd4 11.Bxd4 O-O 12.Bxc5 Nxc5 13.Qd4 f6 14.b4 Ne4 15.Qxb6 axb6
16.Bd3 Bd7 17.Nd4 fxe5 18.fxe5 Rf4 19.g3 Nxg3 20.hxg3 Rxd4 21.Bxh7+ Kf7 22.Bd3 Ke7
23.O-O Rg4 24.Kg2 Rg5 25.Rae1 Rxa3 26.Rf4 b5 27.g4 Be8 28.Kg3 Rg6 29.Rh1 Rg5
30.Re1 Rg6 31.Rh1 Bc6 32.Rh5 Rh6 33.Rxh6 gxh6 34.Rf6 Ra4 35.Rxh6 Rxb4 36.g5 Rb1
37.Kf2 d4 38.g6 Kf8 39.Rh8+ Kg7 40.Rh7+ Kg8 41.Re7 Bd5 42.Kg3 Re1 43.Kf4 Rg1
44.Rc7 Bc6 45.Rc8+ Kg7 46.Rc7+ Kg8 47.Rc8+ Kg7 48.Rc7+  1/2-1/2

[Event "Kecskemet3"]
[Site "Kecskemet"]
[Date "1992.??.??"]
[Round "13"]
[White "Szalanczy, Emil"]
[Black "Schmittdiel, Eckhard"]
[Result "1-0"]
[WhiteElo "2420"]
[BlackElo "2485"]

1.e4 e6 2.d4 d5 3.Nc3 Nf6 4.e5 Nfd7 5.f4 c5 6.Nf3 Nc6 7.Be3 a6 8.Qd2 b5 9.g3 b4
10.Ne2 a5 11.Bh3 cxd4 12.Nexd4 Nxd4 13.Nxd4 Nc5 14.O-O Ne4 15.Qg2 g6 16.Bg4 Bc5
17.Rad1 Qb6 18.Bf3 h5 19.h4 Bb7 20.Kh2 a4  1-0

[Event "JUG-ch"]
[Site "Kladovo"]
[Date "1992.??.??"]
[Round "5"]
[White "Sibarevic, Milenko"]
[Black "Miljanic, Boro"]
[Result "1-0"]
[WhiteElo "2350"]
[BlackElo "2395"]

1.e4 e6 2.d4 d5 3.Nc3 Nf6 4.e5 Nfd7 5.f4 c5 6.Nf3 Nc6 7.Be3 a6 8.Qd2 b5 9.dxc5 b4
10.Ne2 Bxc5 11.Bxc5 Nxc5 12.Ned4 Nxd4 13.Nxd4 a5 14.Bb5+ Bd7 15.Bd3 Qh4+
16.g3 Qe7 17.O-O O-O 18.Rae1 Na4 19.f5 exf5 20.Bxf5 Be6 21.Rf4 Bxf5 22.Nxf5 Qc5+
23.Kh1 Ra6 24.Rd4 Nxb2 25.Qg5 g6 26.Nh6+ Kg7 27.Rf4 Qc3 28.Re3 Qxe3 29.Nf5+  1-0

[Event "Kuala Lumpur op"]
[Site "Kuala Lumpur"]
[Date "1992.??.??"]
[Round "7"]
[White "Wohl, Aleksandar H"]
[Black "Ravi, Lanka"]
[Result "1-0"]
[WhiteElo "2280"]
[BlackElo "2370"]

1.e4 e6 2.d4 d5 3.Nc3 Nf6 4.e5 Nfd7 5.f4 c5 6.Nf3 Nc6 7.Be3 cxd4 8.Nxd4 Bc5
9.Qd2 O-O 10.Be2 Nxd4 11.Bxd4 a6 12.O-O-O b5 13.Kb1 b4 14.Na4 Bxd4 15.Qxd4 Qa5
16.b3 Bb7 17.h4 Bc6 18.Nb2 Qc5 19.Bf3 a5 20.Rhe1 a4 21.Qxc5 Nxc5 22.Rd4 Rfb8
23.Nd3 Nxd3 24.Rxd3 Ra5 25.Rd4 Kf8 26.Re3 Ke7 27.c3 axb3 28.axb3 bxc3 29.Rxc3 Kd7
30.h5 Rba8 31.Rb4 Bb5 32.Kc1 Ra1+ 33.Kd2 R8a5 34.Ke3 f6 35.h6 fxe5 36.hxg7 Ra8
37.fxe5 Ba6 38.Rb6  1-0

[Event "Leeuwarden op"]
[Site "Leeuwarden"]
[Date "1992.??.??"]
[Round "5"]
[White "Nijboer, Friso"]
[Black "Luther, Thomas"]
[Result "1-0"]
[WhiteElo "2485"]
[BlackElo "2475"]

1.e4 e6 2.d4 d5 3.Nc3 Nf6 4.e5 Nfd7 5.f4 c5 6.Nf3 Nc6 7.Be3 cxd4 8.Nxd4 Bc5
9.Qd2 a6 10.O-O-O O-O 11.h4 Nxd4 12.Bxd4 b5 13.Rh3 b4 14.Na4 Bxd4 15.Qxd4 Qa5
16.b3 Bb7 17.c3 Rfc8 18.Kb2 bxc3+ 19.Rxc3 Rxc3 20.Qxc3 Qxc3+ 21.Nxc3 Kf8
22.a4 Ke7 23.a5 h6 24.Rc1 f6 25.Na4 Rc8 26.exf6+ gxf6 27.Rxc8 Bxc8 28.Nb6 Nxb6
29.axb6 Kd6 30.g4 Kc6 31.Bd3 e5 32.fxe5 fxe5 33.Bf5  1-0

[Event "Leeuwarden op"]
[Site "Leeuwarden"]
[Date "1992.??.??"]
[Round "6"]
[White "Piket, Jeroen"]
[Black "Hoeksema, Hendrik Pieter"]
[Result "1-0"]
[WhiteElo "2625"]
[BlackElo "2430"]

1.e4 e6 2.d4 d5 3.Nc3 Nf6 4.e5 Nfd7 5.Nce2 c5 6.c3 Nc6 7.f4 f5 8.Nf3 Be7
9.Be3 O-O 10.Nc1 cxd4 11.cxd4 Nb6 12.b3 a5 13.Be2 a4 14.Nd3 Bd7 15.Kf2 Be8
16.Qd2 Nd7 17.Rhc1 Bh5 18.b4 Bxf3 19.Kxf3 a3 20.Rab1 Rf7 21.Nc5 Nxc5 22.bxc5 g5
23.Bb5 Rg7 24.Bxc6 bxc6 25.Rb7 Qe8 26.g3 gxf4 27.Bxf4 Bd8 28.Rcb1 Rxb7 29.Rxb7 Ba5
30.Qd3 Rb8 31.Rxb8 Qxb8 32.Qa6 Qc7 33.Bh6 Kf7 34.Qa8 Kg6 35.Bc1 Kg7 36.Bg5 Qf7
37.Ke3 Bc3 38.Qxc6 Kg6 39.Bf4 Kh5 40.Qc8 Kg4 41.Qa6  1-0

[Event "Lenk op"]
[Site "Lenk"]
[Date "1992.??.??"]
[Round "?"]
[White "Ziatdinov, Raset"]
[Black "Luther, Thomas"]
[Result "0-1"]
[WhiteElo "2460"]
[BlackElo "2435"]

1.e4 e6 2.d4 d5 3.Nc3 Nf6 4.e5 Nfd7 5.f4 c5 6.Nf3 Nc6 7.Be3 cxd4 8.Nxd4 Bc5
9.Qd2 O-O 10.O-O-O a6 11.Kb1 Nxd4 12.Bxd4 b5 13.Ne2 a5 14.g4 b4 15.Ng3 Bxd4
16.Qxd4 Ba6 17.Bg2 Qc7 18.Rhe1 Rfc8 19.Qd2 a4 20.Rc1 a3 21.b3 Qc3 22.Qxc3 Rxc3
23.f5 Rac8 24.Nh5 Nc5 25.Rcd1 Nxb3 26.cxb3 Rc2 27.Rc1 Rxc1+  0-1

[Event "Manila ol (Women)"]
[Site "Manila"]
[Date "1992.??.??"]
[Round "?"]
[White "Erenska Radzewska, Hanna"]
[Black "Sidselrud, Laila"]
[Result "1-0"]
[WhiteElo "2275"]
[BlackElo "2005"]

1.e4 e6 2.d4 d5 3.Nc3 Nf6 4.e5 Nfd7 5.f4 c5 6.Nf3 Nc6 7.Be3 cxd4 8.Nxd4 Nb6
9.a3 Bd7 10.Qf3 Rc8 11.Qf2 Nxd4 12.Bxd4 Be7 13.Bd3 O-O 14.O-O f6 15.Qh4 g6
16.Qh6 Rf7 17.Qh3 Bc5 18.Qe3 Bxd4 19.Qxd4 a6 20.exf6 Rxf6 21.b3 Rf7 22.a4 Qc7
23.Ne2 Rcf8 24.g3 Nc8 25.Qe3 Ne7 26.Nd4 Nf5 27.Bxf5 exf5 28.Qf2 Qd6 29.Rfe1 Re8
30.Rxe8+ Bxe8 31.Nf3 Bc6 32.Qd4 Rc7 33.Re1 Bd7 34.Re2 Qc5 35.Qxc5 Rxc5 36.Re7 Bc6
37.Nd4 h6 38.Rc7 Rc3 39.Kf2 g5 40.fxg5 hxg5 41.Re7 f4 42.Re5 fxg3+ 43.hxg3 Kf7
44.Rxg5 Ke7 45.Re5+ Kd6 46.Re3 Rxe3 47.Kxe3 Be8 48.a5 Bg6 49.Kf4 Be4 50.c3 Ke7
51.Ke5 Bg2 52.Nf5+ Kf7 53.Ne3  1-0

[Event "Manila ol (Men)"]
[Site "Manila"]
[Date "1992.??.??"]
[Round "?"]
[White "Kuczynski, Robert"]
[Black "Djurhuus, Rune"]
[Result "1/2-1/2"]
[WhiteElo "2500"]
[BlackElo "2420"]

1.e4 e6 2.d4 d5 3.Nc3 Nf6 4.e5 Nfd7 5.f4 c5 6.Nf3 Nc6 7.Be3 a6 8.Qd2 b5 9.dxc5 Bxc5
10.Bxc5 Nxc5 11.Qf2 Qb6 12.Bd3 b4 13.Ne2 a5 14.O-O Ba6 15.Rad1 Na4 16.Qxb6 Nxb6
17.b3 Ke7 18.Ned4 Nxd4 19.Nxd4 Rhc8 20.Bxa6 Rxa6 21.a3 bxa3 22.Ra1 Nd7 23.Rxa3 Nb8
24.Rf2 Nc6 25.Nxc6+ Rcxc6 26.Ra4 Rc5 27.Rd2 Rac6 28.Kf1 f6 29.exf6+ gxf6
30.f5 e5 31.Rh4 Kd6 32.Rh6 e4 33.Rxf6+ Ke5 34.Rxc6 Rxc6 35.g4 d4 36.Ke1 e3
37.Rg2 Ke4 38.g5 Kxf5 39.Kd1 Kf4 40.Rg1 Rc5 41.h4 Kf3 42.Rf1+ Kg4 43.Rf7 Kxh4
44.Rxh7+ Kxg5 45.Rd7 Kf4 46.Rxd4+ Kf3 47.Rd8 e2+ 48.Ke1 Rxc2 49.Rf8+ Ke3
50.Re8+ Kd3 51.Rd8+ Kc3 52.Rb8 Rb2 53.Rb5 Ra2 54.Rb8 Ra3 55.Rb5 Ra2 56.Rb8 Kd3
57.Rd8+ Ke3 58.Re8+ Kd3 59.Rd8+ Kc3 60.Rb8 Kd4 61.Rb5 Kd3 62.Rd5+ Kc3 63.Rb5 Kd4
64.Rh5 Kc3  1/2-1/2

[Event "Manila ol (Men)"]
[Site "Manila"]
[Date "1992.??.??"]
[Round "?"]
[White "Sevillano, Enrico"]
[Black "Djurhuus, Rune"]
[Result "0-1"]
[WhiteElo "2345"]
[BlackElo "2420"]

1.e4 e6 2.d4 d5 3.Nc3 Nf6 4.e5 Nfd7 5.f4 c5 6.Nf3 Nc6 7.Be3 a6 8.Qd2 b5 9.Be2 Qb6
10.Nd1 cxd4 11.Nxd4 Bc5 12.c3 O-O 13.O-O Bxd4 14.cxd4 f5 15.Nf2 b4 16.g4 fxg4
17.Bxg4 Ne7 18.Nd3 a5 19.Rfc1 Nf5 20.Bf2 Ba6 21.Nc5 Bb5 22.a4 bxa3 23.Rxa3 a4
24.Qb4 Nxc5 25.Rxc5 Rab8 26.Bxf5 Rxf5 27.Rac3 Be8 28.Qxb6 Rxb6 29.Rc8 Rf8
30.Bh4 Bh5 31.Be7 Rxc8 32.Rxc8+ Kf7 33.Ba3 Kg6 34.Rf8 Bg4 35.Ra8 Kf5 36.Rxa4 Rb3
37.Ra7 Ke4 38.Rxg7 h5 39.Kf2 Rf3+ 40.Ke1 Kxd4 41.Rb7 Rd3 42.Rc7 Ke4 43.Rc2 Rd1+
44.Kf2 d4 45.Bb4 Kxf4 46.Bd6 h4 47.Bb4 Kxe5 48.Rd2 h3 49.Rxd1 Bxd1 50.Ke1 Ba4
51.Bf8 Kd5 52.Bg7 e5 53.Kd2 e4 54.Bh6 Bb5 55.Bg5 Ke5 56.b3 Kf5 57.Bh6 Kg4
58.Bg7 e3+ 59.Ke1 d3 60.Bc3 Kf3  0-1

[Event "Manila ol (Men)"]
[Site "Manila"]
[Date "1992.??.??"]
[Round "?"]
[White "Hort, Vlastimil"]
[Black "Ruzele, Darius"]
[Result "1/2-1/2"]
[WhiteElo "2560"]
[BlackElo "2340"]

1.e4 e6 2.d4 d5 3.Nc3 Nf6 4.e5 Nfd7 5.f4 c5 6.Nf3 Nc6 7.Be3 cxd4 8.Nxd4 Qb6
9.a3 Bc5 10.Na4 Qa5+ 11.Nc3 Qb6 12.Na4 Qa5+ 13.c3 Bxd4 14.Bxd4 Nxd4 15.Qxd4 b6
16.Qb4 Qxb4 17.axb4 Bb7 18.Bb5 Ke7 19.O-O Rhd8 20.h4 Rac8 21.Rfe1 Rc7 22.Re3 f6
23.exf6+ gxf6 24.Rd1 Nf8 25.b3 Kf7 26.Be2 Rcd7 27.Rd4 Re7 28.Nb2 e5 29.fxe5 fxe5
30.Rg4 Ng6 31.Nd3 Bc8 32.h5 Bxg4 33.hxg6+ hxg6 34.Bxg4 e4 35.Nf4 b5 36.Ne2 a6
37.Nd4 Rd6 38.Kf2 Kf6 39.Ke2 Rh7 40.Bh3 Rh4 41.Rg3 Rf4 42.Nc2 Ke5 43.Ke1 Kf6
44.Bg4 Ke5 45.Nd4 Kf6 46.Ke2 Ke5 47.Bc8 Rf7 48.Nc2 Kf4 49.Re3 Rc7 50.Bh3 Ke5
51.Nd4 Rf7 52.Nf3+ Kf4 53.g3+ Kxg3 54.Ng5+ Rf3 55.Nxf3 Kxh3 56.Nd2+ Kg4 57.c4 bxc4
58.bxc4 Kf5 59.cxd5 Rxd5 60.Nxe4 g5 61.Nc3 Rd4 62.Na2 Re4 63.Kd3 Rxe3+ 64.Kxe3 Ke5
65.Nc3 g4 66.Ne4 Kd5 67.Kd3 Kc6 68.Kc4 Kb6 69.Ng3 a5 70.b5 a4 71.Ne4 a3 72.Kb3  1/2-1/2

[Event "Capablanca mem-C"]
[Site "Matanzas"]
[Date "1992.??.??"]
[Round "2"]
[White "Nunez Vallina, Jose Antonio"]
[Black "Gomez, A."]
[Result "1/2-1/2"]
[WhiteElo "2370"]
[BlackElo "2325"]

1.e4 e6 2.d4 d5 3.Nc3 Nf6 4.e5 Nfd7 5.f4 c5 6.Nf3 Nc6 7.Be3 cxd4 8.Nxd4 Bc5
9.Qd2 a6 10.O-O-O Nxd4 11.Bxd4 Qc7 12.h4 O-O 13.h5 Bxd4 14.Qxd4 f6 15.exf6 Nxf6
16.h6 Ng4 17.hxg7 Qxf4+ 18.Qxf4 Rxf4 19.Rh4 h5 20.Bd3 Rf6 21.Rxh5 Nf2 22.Rg5 Bd7
23.Rd2 Nxd3+ 24.Rxd3 Rf7 25.Rdg3 Re8 26.Nd1  1/2-1/2

[Event "Mlada Boleslav op"]
[Site "Mlada Boleslav"]
[Date "1992.??.??"]
[Round "5"]
[White "Pulkkinen, Kari"]
[Black "Liedtke, Matthias"]
[Result "1/2-1/2"]
[WhiteElo "2265"]
[BlackElo "2350"]

1.e4 e6 2.d4 d5 3.Nc3 Nf6 4.e5 Nfd7 5.f4 c5 6.Nf3 Nc6 7.Be3 a6 8.Qd2 b5 9.dxc5 Bxc5
10.Bxc5 Nxc5 11.Bd3 Qb6 12.Qf2 b4 13.Ne2 Rb8 14.O-O O-O 15.Kh1 f5 16.exf6 Rxf6
17.Qe3 a5 18.Ned4 Nxd4 19.Nxd4 Ba6 20.Rf3 Ne4 21.Bxa6 Qxa6 22.f5 e5 23.Ne6 Rc8
24.Rd1 Nd6 25.Qxe5 Nxf5 26.Nxg7 Kxg7 27.Rxf5 Qe6 28.Rxf6 Qxf6 29.Qxf6+ Kxf6
30.Rd2 Ke5 31.Kg1 a4 32.Kf2 a3 33.bxa3 bxa3 34.Ke2 Ke4 35.Kd1 Rg8 36.Re2+ Kd4
37.Kd2 Rg7 38.c3+ Kc4 39.Rf2 Rb7 40.Rf4+ Kc5 41.Rb4 Rxb4 42.cxb4+ Kxb4 43.Kd3 Kc5
44.g4 d4 45.h4 Kd5 46.g5 Ke6 47.h5 Kf5 48.g6 hxg6 49.hxg6  1/2-1/2

[Event "Alekhine op"]
[Site "Moscow"]
[Date "1992.??.??"]
[Round "?"]
[White "Novik, Maxim"]
[Black "Gleizerov, Evgeny"]
[Result "1/2-1/2"]
[WhiteElo "2430"]
[BlackElo "2540"]

1.e4 e6 2.d4 d5 3.Nc3 Nf6 4.e5 Nfd7 5.f4 c5 6.Nf3 Nc6 7.Be3 a6 8.Qd2 b5 9.Bd3 b4
10.Nd1 Qb6 11.Qf2 cxd4 12.Nxd4 Bc5 13.Nxc6 Qxc6 14.O-O Bb7 15.Qg3 f5 16.Bxc5 Nxc5
17.a3 Ne4 18.Bxe4 fxe4 19.axb4 d4 20.c3 e3 21.Re1 O-O 22.cxd4 Rxf4 23.Nxe3 Rxd4
24.Rac1 Qb6 25.Kh1 Rad8 26.Qg5 Qxb4 27.Rf1 R8d7 28.h3 Qe7 29.Qxe7 Rxe7 30.Rfd1 Re4
31.Nc4 h5 32.Re1 Rxe1+ 33.Rxe1 Rc7 34.b3 Bd5 35.Ra1 Rc6 36.Kg1 Kf7 37.Kf2 Kg6
38.Ke3 Bxc4 39.bxc4 Rxc4 40.Rxa6 Kf5 41.g3 g5 42.Ra3 Re4+ 43.Kf3 g4+ 44.hxg4+ hxg4+
45.Kf2 Rxe5 46.Ra8 Re4 47.Ra5+ e5 48.Ra8 Rb4 49.Rg8 Rb3 50.Rg7 Rb2+ 51.Kg1 Ra2
52.Rg8 Ke4 53.Rg5 Rb2 54.Rxg4+ Kf3 55.Rg8 e4 56.Rf8+ Kxg3 57.Kf1  1/2-1/2

[Event "Nassau-ch"]
[Site "Nassau"]
[Date "1992.??.??"]
[Round "8"]
[White "Stenzel, Harold"]
[Black "Chipkin, Leonard"]
[Result "1/2-1/2"]
[WhiteElo "2250"]
[BlackElo "2235"]

1.e4 e6 2.d4 d5 3.Nc3 Nf6 4.e5 Ne4 5.Nxe4 dxe4 6.Be3 c5 7.dxc5 Nd7 8.Qg4 Nxc5
9.Bxc5 Bxc5 10.Qxe4 Qb6 11.O-O-O Bd7 12.Nh3 Bc6 13.Qg4 g6 14.Qh4 Be7 15.Qh6 Rc8
16.f3 Qa5 17.Qg7 Rf8 18.a3 Bxa3 19.bxa3 Ba4 20.Bd3 Qc3 21.Qf6 a6 22.Kb1 Bxc2+
23.Bxc2 Qxc2+ 24.Ka1 Qc3+  1/2-1/2

[Event "New York op"]
[Site "New York"]
[Date "1992.??.??"]
[Round "4"]
[White "Rogers, Norman"]
[Black "Bonin, Jay R"]
[Result "1-0"]
[WhiteElo "2330"]
[BlackElo "2400"]

1.e4 e6 2.d4 d5 3.Nc3 Nf6 4.e5 Nfd7 5.f4 c5 6.Nf3 Nc6 7.Be3 a6 8.Qd2 b5 9.g3 b4
10.Ne2 a5 11.Bh3 Qb6 12.O-O cxd4 13.Nexd4 Bc5 14.Rae1 Ba6 15.Rf2 Rc8 16.f5 Nxd4
17.Bxd4 O-O 18.f6 gxf6 19.exf6 Kh8 20.Qh6 Rg8 21.Ng5 Rxg5 22.Qxg5 Rg8 23.Bxc5 Qxc5
24.Qe3 d4 25.Qe4 Bb5 26.Rd1 e5 27.Re1 Bc6 28.Qh4 Qd5 29.Bg2 Qd6 30.Bxc6 Qxc6
31.Qe4 Qxe4 32.Rxe4 Rg6 33.Kf1 Kg8 34.Ke2 Kf8 35.Rf5 h6 36.Rexe5 Nxe5 37.Rxe5 Rxf6
38.Rxa5 Re6+ 39.Kd2 Rf6 40.Re5 Rf2+ 41.Re2 Rf3 42.Re4 Rf2+ 43.Re2 Rf3 44.Ke1 d3
45.cxd3 Rxd3 46.Re4 b3 47.a4 Rd5 48.Rb4  1-0

[Event "NOR-RIN"]
[Site "?"]
[Date "1992.??.??"]
[Round "3"]
[White "Handoko, Edhi"]
[Black "Gausel, Einar"]
[Result "0-1"]
[WhiteElo "2410"]
[BlackElo "2485"]

1.e4 e6 2.d4 d5 3.Nc3 Nf6 4.e5 Nfd7 5.f4 c5 6.Nf3 Nc6 7.Ne2 b5 8.h4 b4 9.c3 Ba6
10.Be3 Qa5 11.Kf2 bxc3 12.bxc3 Be7 13.Bd2 Qa3 14.Rh3 Rb8 15.Kg1 Bd3 16.Ng3 Bxf1
17.Qxf1 Qb2 18.Ne2 f5 19.Be3 O-O 20.h5 Rfc8 21.Bf2 cxd4 22.Nfxd4 Nxd4 23.Nxd4 Nc5
24.Re1 Qxa2 25.Ra1 Qb2 26.Rxa7 Bf8 27.Rf3 Ra8 28.Rxa8 Rxa8 29.Be1 Ra1 30.Re3 Qb6
31.Kh2 Ne4 32.Qd3 Bc5 33.Re2 Bxd4 34.cxd4 Qd8 35.Qh3 Qf8 36.h6 gxh6 37.Qh4 Ra8
38.Rb2 Qg7 39.g4 Kh8 40.Rg2 Rg8 41.Kh3 Qg6 42.Qh5 fxg4+ 43.Qxg4 h5 44.Qxg6 hxg6
45.Ra2 g5 46.fxg5 Nxg5+ 47.Kg3 Ne4+ 48.Kh3 Rg1 49.Ba5 Kg7 50.Kh2 Rg4 51.Bd8 Kg6
52.Bb6 Kf5 53.Ra8 Ng5 54.Rh8 h4  0-1

[Event "Oostende op"]
[Site "Oostende"]
[Date "1992.??.??"]
[Round "8"]
[White "Rogers, Ian"]
[Black "Visser, Yge"]
[Result "1-0"]
[WhiteElo "2565"]
[BlackElo "2325"]

1.e4 e6 2.d4 d5 3.Nc3 Nf6 4.e5 Ne4 5.Nxe4 dxe4 6.Bc4 a6 7.c3 c5 8.Ne2 Nc6
9.O-O Na5 10.Bb3 Nxb3 11.Qxb3 b5 12.Be3 c4 13.Qc2 Bb7 14.Ng3 Qh4 15.a4 Be7
16.axb5 axb5 17.Rxa8+ Bxa8 18.Ra1 O-O 19.Ra7 Rb8 20.Qd1 Bg5 21.Nf1 Bd8 22.g3 Qh3
23.Qa1 Bd5 24.Rd7 h5 25.Qa3 Ra8 26.Ra7 Rc8 27.Qd6 Qf5 28.h4 Bxh4 29.gxh4 Qg4+
30.Ng3 Qxh4 31.Rxf7 Ra8 32.Ra7 Rf8 33.Bh6  1-0

[Event "Paris-ch"]
[Site "Paris"]
[Date "1992.??.??"]
[Round "6"]
[White "Murrey, Jacob"]
[Black "Moskalenko, Viktor"]
[Result "0-1"]
[WhiteElo "2445"]
[BlackElo "2505"]

1.e4 e6 2.d4 d5 3.Nc3 Nf6 4.e5 Nfd7 5.f4 c5 6.Nf3 Nc6 7.Be3 a6 8.a3 cxd4
9.Nxd4 Bc5 10.b4 Bxd4 11.Bxd4 O-O 12.g3 b5 13.Be2 Bb7 14.O-O Rc8 15.Rf3 f6
16.exf6 Nxd4 17.Qxd4 Qxf6 18.Qd3 d4 19.Ne4 Bxe4 20.Qxe4 d3 21.Rxd3 Qxa1+
22.Rd1 Nc5 23.Qe3 Qf6 24.bxc5 Qf5 25.Rd6 Qxc5 26.Qxc5 Rxc5 27.Rxa6 Rxc2 28.Rxe6 Rb2
29.Re5 Rc8 30.Kf2 Rcc2 31.Re3 Kf7 32.Kf1 Rd2 33.h4 h5 34.Kf2 Rdc2 35.Kf3 Kf6
36.Kf2 Rc6 37.Kf1 Re6 38.Rxe6+ Kxe6 39.Bxh5 Rb3 40.Be2 Rxg3 41.Bxb5 Rxa3
42.Kg2 Kf5 43.Bd7+ Kxf4 44.Kf1 Rd3 45.Be6 Rd6 46.Bf7 Kg4 47.h5 Rd2 48.Kg1 Kg3  0-1

[Event "RUS-chT"]
[Site "Podolsk"]
[Date "1992.??.??"]
[Round "?"]
[White "Dvoirys, Semen I"]
[Black "Ivanov, Oleg"]
[Result "1-0"]
[WhiteElo "2515"]
[BlackElo "2430"]

1.e4 e6 2.d4 d5 3.Nc3 Nf6 4.e5 Nfd7 5.f4 c5 6.Nf3 Nc6 7.Be3 a6 8.Qd2 b5 9.Be2 b4
10.Na4 cxd4 11.Nxd4 Bb7 12.O-O Qa5 13.b3 Nc5 14.f5 Ne4 15.Qe1 Nxd4 16.Bxd4 Qc7
17.fxe6 fxe6 18.Bg4 Qc6 19.Rc1 Be7 20.c3 Bg5 21.Be3 Bxe3+ 22.Qxe3 bxc3 23.Nxc3 Qc5
24.Qxc5 Nxc5 25.Ne2 Rc8 26.Nd4 Ke7 27.Rc3 h5 28.Be2 Nd7 29.Rg3 Rhg8 30.Bxh5 Nxe5
31.Re1 Kd6 32.Rge3 g6 33.Bd1 Nc6 34.Rxe6+ Kc5 35.Nf3 Rcd8 36.a3 a5 37.Bc2 Rd6
38.Rxd6 Kxd6 39.h4 Bc8 40.Kf2 Bg4 41.Ke3 Bxf3 42.gxf3 Re8+ 43.Kf2 Rf8 44.Rd1 Ne7
45.Rg1 Rh8 46.Rg4 Ke5 47.b4 axb4 48.axb4 Nf5 49.b5 Nxh4 50.b6 Nf5 51.Bxf5 gxf5
52.Rb4 Rb8 53.b7 Kd6 54.Ke3 Kc5 55.Rb1 d4+ 56.Kd3 Kd5 57.f4 Kc5 58.Rb2 Kd5
59.Rb1 Kc5 60.Rb3 Kd5 61.Rb4 Kc5 62.Rc4+ Kb5 63.Rc1 Kb6 64.Kxd4 Rd8+ 65.Ke5 Kxb7
66.Kxf5 Rf8+ 67.Kg5 Rg8+ 68.Kh6 Rf8 69.Rc4 Kb6 70.Kg7 Rf5 71.Kg6  1-0

[Event "Pontevedra2"]
[Site "Pontevedra"]
[Date "1992.??.??"]
[Round "5"]
[White "Rivera, Daniel"]
[Black "Caselas, Jacobo"]
[Result "1/2-1/2"]
[WhiteElo "2290"]
[BlackElo "2250"]

1.e4 e6 2.d4 d5 3.Nc3 Nf6 4.e5 Nfd7 5.f4 c5 6.Nf3 Nc6 7.Be3 a6 8.Qd2 b5 9.dxc5 Bxc5
10.Bxc5 Nxc5 11.Qf2 Qb6 12.Bd3 Nxd3+ 13.cxd3 Qxf2+ 14.Kxf2 Bd7 15.Ne2 Ke7
16.Ke3 Rhc8 17.Rac1 a5 18.Nfd4 Nb4 19.a3 Na6 20.Rxc8 Rxc8 21.Rc1 Rxc1 22.Nxc1 a4
23.Na2 h5 24.g3 Kd8 25.Nc2 Kc7 26.Kd4 Kb6 27.Nab4 Nc5 28.Kc3 g6 29.Nd4 Bc8
30.Nf3 Bd7 31.Nc2 Na6 32.Ng5 Be8 33.Nh7 Kc5 34.d4+ Kb6 35.Nb4 Nb8 36.Nd3 Na6
37.Ng5 Nb8 38.Nc5 Nc6 39.Nh7 Na5 40.Nf6 Bc6 41.Nd3 Nc4 42.Ne1 Kc7 43.Nf3 Kd8
44.Nd2 Ne3 45.Kb4 Kc7 46.Nf3 Nd1 47.Ng5 Nxb2 48.Nxf7 Nd3+ 49.Kc3 Nc1 50.Nh8 Ne2+
51.Kb2 h4 52.Nxg6 hxg3 53.hxg3 Nxd4 54.g4 Kd8 55.Nh4 Ke7 56.g5 Kf8 57.g6 Nf5
58.Nxf5 exf5 59.Nh5 d4 60.e6 b4 61.Ng3 bxa3+ 62.Kxa3 d3 63.Nxf5 d2 64.Ne3 Kg7
65.f5 Kf6 66.Kb4 Be4 67.Ng4+ Ke7 68.Ne3 Kf6 69.Ng4+ Ke7 70.Ne3  1/2-1/2

[Event "Prague DDM"]
[Site "Prague"]
[Date "1992.??.??"]
[Round "9"]
[White "Ankerst, Mihael"]
[Black "Landenbergue, Claude"]
[Result "1-0"]
[WhiteElo "2360"]
[BlackElo "2390"]

1.e4 e6 2.d4 d5 3.Nc3 Nf6 4.e5 Nfd7 5.f4 c5 6.Nf3 Nc6 7.Be3 a6 8.Qd2 cxd4
9.Nxd4 Bc5 10.Qf2 Qb6 11.O-O-O Nxd4 12.Bxd4 Bxd4 13.Qxd4 Qxd4 14.Rxd4 Nc5
15.b4 Nd7 16.Be2 Nb8 17.Rd2 Nc6 18.a3 Bd7 19.Kb2 Rc8 20.Re1 Rc7 21.Kb3 Ne7
22.a4 O-O 23.Nb1 Nc8 24.Na3 g6 25.b5 axb5 26.axb5 Nb6 27.Rd4 Rfc8 28.Red1 Kf8
29.Kb4 Be8 30.c4 Rc5 31.g3 Ke7 32.R1d2 R5c7 33.Ka5 Nxc4+ 34.Bxc4 dxc4 35.Rc2 c3
36.Kb4 f6 37.exf6+ Kxf6 38.Nc4 h6 39.Nb6 Rb8 40.Rd3 g5 41.fxg5+ hxg5 42.Rdxc3 Rxc3
43.Rxc3 Rd8 44.Rc8 Ke7 45.Rc7+ Kf6 46.Rxb7 Rd2 47.Nc4 Rxh2 48.Nd6 Bxb5 49.Rxb5 Rb2+
50.Kc4 Rxb5 51.Kxb5 Ke5 52.Kc6 Kd4 53.Kd7 Kd5 54.Ke7 Ke5 55.Nc4+ Ke4 56.Nd2+ Kf5
57.Kd6 Kg4 58.Nf1 Kf5 59.Ne3+ Ke4 60.Kxe6 g4 61.Nf1  1-0

[Event "Bohemians (Women)"]
[Site "Prague"]
[Date "1992.??.??"]
[Round "9"]
[White "Maskova, Jana"]
[Black "Horvath, Maria"]
[Result "1/2-1/2"]
[WhiteElo "2235"]
[BlackElo "2050"]

1.e4 e6 2.d4 d5 3.Nc3 Nf6 4.e5 Nfd7 5.f4 c5 6.Nf3 Nc6 7.Be3 a6 8.dxc5 Bxc5
9.Bxc5 Nxc5 10.Bd3 Qb6 11.Qd2 Bd7 12.O-O-O Nb4 13.Kb1 Rc8 14.Be2 Na4 15.Nxa4 Bxa4
16.c3 Bxd1 17.Bxd1 Nc6 18.f5 exf5  1/2-1/2

[Event "CSR-ch"]
[Site "Prague"]
[Date "1992.??.??"]
[Round "11"]
[White "Brychta, Ivan"]
[Black "Repkova Eid, Eva"]
[Result "0-1"]
[WhiteElo "2300"]
[BlackElo "2185"]

1.e4 e6 2.d4 d5 3.Nc3 Nf6 4.e5 Nfd7 5.Nce2 c5 6.c3 Nc6 7.f4 Qb6 8.Nf3 cxd4
9.cxd4 Be7 10.Nc3 f6 11.Bd3 O-O 12.exf6 Bxf6 13.Ne2 g6 14.Bc2 Bg7 15.a3 Nf6
16.Nc3 Nh5 17.Na4 Qc7 18.g3 b5 19.Nc3 Qb6 20.Be3 Na5 21.b3 Bd7 22.O-O Rac8
23.Na2 Nc6 24.Rf2 Nf6 25.Ne5 Be8 26.b4 Ne4 27.Re2 Qd8 28.Bd3 Ne7 29.Kg2 g5
30.Rc2 Nf5 31.Qg1 Rxc2+ 32.Bxc2 Bh5 33.Bxe4 dxe4 34.h3 gxf4 35.Bxf4 Nxd4
36.Qe3 Nc2 37.Qc3 Nxa1 38.Qxa1 e3 39.Qe1 Qd5+  0-1

[Event "Protvino"]
[Site "Protvino"]
[Date "1992.??.??"]
[Round "?"]
[White "Zakharov, Alexander V"]
[Black "Makarjev, Ilja"]
[Result "1/2-1/2"]
[WhiteElo "2365"]
[BlackElo "2335"]

1.e4 e6 2.d4 d5 3.Nc3 Nf6 4.e5 Nfd7 5.Nce2 c5 6.c3 Nc6 7.f4 cxd4 8.cxd4 f5
9.Nf3 Be7 10.h3 Nb6 11.Kf2 O-O 12.g4 Bd7 13.Ng3 Rc8 14.Rh2 a5 15.Kg1 a4 16.Rg2 Be8
17.gxf5 exf5 18.Kh1 Qd7  1/2-1/2

[Event "Reno op"]
[Site "Reno"]
[Date "1992.??.??"]
[Round "5"]
[White "Anderson, Renard"]
[Black "Orlov, Georgi"]
[Result "0-1"]
[WhiteElo "2290"]
[BlackElo "2490"]

1.e4 e6 2.d4 d5 3.Nc3 Nf6 4.e5 Nfd7 5.f4 c5 6.Nf3 Nc6 7.Be3 a6 8.Qd2 cxd4
9.Nxd4 Bc5 10.O-O-O O-O 11.Kb1 Nxd4 12.Bxd4 b5 13.Qe3 b4 14.Na4 Bxd4 15.Qxd4 Qa5
16.b3 Bb7 17.Be2 Bc6 18.Nb2 Bb5 19.Bf3 Rac8 20.Rhe1 Qc7 21.Rc1 Qc5 22.Red1 a5
23.Qxc5 Rxc5 24.Rd2 g5 25.g3 f6 26.Bg4 Kf7 27.Re1 fxe5 28.fxe5 Ke7 29.Nd1 Rf1
30.Rxf1 Bxf1 31.Be2 Bxe2 32.Rxe2 d4 33.Re4 Rd5 34.h4 Nxe5 35.hxg5 Nf3 36.Rf4 Nxg5
37.Nb2 e5 38.Rf5 Ne4 39.Nd3 Nc3+ 40.Kb2 e4 41.Rxd5 Nxd5 42.Nc5 Nc3 43.a3 Nd1+
44.Ka2 Nf2  0-1

[Event "Rishon Le Ziyyon"]
[Site "Rishon Le Ziyyon"]
[Date "1992.??.??"]
[Round "4"]
[White "Votava, Jan"]
[Black "Friedman, Aviv"]
[Result "1-0"]
[WhiteElo "2435"]
[BlackElo "2300"]

1.e4 e6 2.d4 d5 3.Nc3 Nf6 4.e5 Nfd7 5.f4 c5 6.Nf3 Nc6 7.Be3 a6 8.Qd2 b5 9.dxc5 Nxc5
10.Qf2 Na4 11.Nxa4 bxa4 12.Bb6 Qe7 13.c3 Rb8 14.Bd4 Qb7 15.Rb1 Nxd4 16.Nxd4 Bc5
17.Bd3 Bd7 18.O-O g6 19.Kh1 Bb5 20.Nxb5 Bxf2 21.Nd6+ Ke7 22.Nxb7  1-0

[Event "ROM-ch"]
[Site "?"]
[Date "1992.??.??"]
[Round "5"]
[White "Tomescu, Vlad"]
[Black "Dumitrache, Dragos"]
[Result "0-1"]
[WhiteElo "2360"]
[BlackElo "2400"]

1.e4 e6 2.d4 d5 3.Nc3 Nf6 4.e5 Nfd7 5.f4 c5 6.Nf3 Nc6 7.Be3 a6 8.Qd2 Be7
9.dxc5 Nxc5 10.a3 O-O 11.b4 Nd7 12.Bd3 f6 13.exf6 Bxf6 14.Be2 Qc7 15.b5 d4
16.Nxd4 Nxd4 17.Bxd4 Bxd4 18.Qxd4 Rxf4 19.Qe3 Rf8 20.Bf3 Ne5 21.O-O axb5
22.Nxb5 Nxf3+ 23.gxf3 Qxc2 24.Rad1 Qg6+ 25.Kh1 Qf6 26.Qb3 Ra6 27.Rd3 Qe7
28.Rfd1 h6 29.Nd6 Kh8 30.a4 Qc7 31.Qb2 Rc6 32.Nxc8 Rc2 33.Qxc2 Qxc2 34.Ne7 Kh7
35.R1d2 Qc5 36.Rd7 Rf7  0-1